| 000 | 00581nam a22002057a 4500 | ||
|---|---|---|---|
| 999 |
_c4693 _d4693 |
||
| 003 | AR-CdUCM | ||
| 008 | 190311b ||||| |||| 00| 0 spa d | ||
| 040 |
_aMUNICIPALIDAD PROVINCIAL DEL CUSCO _cBIBLIOTECA MUNICIPAL DEL CUSCO |
||
| 082 |
_a869.303 / _bD53 |
||
| 100 |
_aDélano, Luis Enrique _914581 |
||
| 245 | _aLuces en la isla / | ||
| 260 |
_aSantiago de Chile : _bLa novela nueva, _c1930. |
||
| 300 |
_a64 páginas ; _c17 cm. |
||
| 500 | _aNovela | ||
| 650 |
_aNovela _95 |
||
| 650 |
_aLiteratura _983 |
||
| 650 |
_aEspañol _97869 |
||
| 942 |
_2ddc _cLIBROS |
||
| 945 | _admma | ||